River interlinking in India: (Record no. 17068)

MARC details
000 -LEADER
fixed length control field 00828 aa a2200217 4500
008 - FIXED-LENGTH DATA ELEMENTS--GENERAL INFORMATION
fixed length control field 081020t xxu||||| |||| 00| 0 eng d
010 ## - LIBRARY OF CONGRESS CONTROL NUMBER
LC control number ENG-84101
020 ## - INTERNATIONAL STANDARD BOOK NUMBER
International Standard Book Number 8176298506
020 ## - INTERNATIONAL STANDARD BOOK NUMBER
Terms of availability 800.00 (hb)
035 ## - SYSTEM CONTROL NUMBER
System control number EN-67634
082 ## - DEWEY DECIMAL CLASSIFICATION NUMBER
Classification number 333.9162160954
245 ## - TITLE STATEMENT
Title River interlinking in India:
Remainder of title the dream and reality /
Statement of responsibility, etc edited by S R Singh and M P Shrivastava
260 ## - PUBLICATION, DISTRIBUTION, ETC. (IMPRINT)
Place of publication, distribution, etc New Delhi
Name of publisher, distributor, etc Deep and Deep Publications
260 ## - PUBLICATION, DISTRIBUTION, ETC. (IMPRINT)
Date of publication, distribution, etc 2006
300 ## - PHYSICAL DESCRIPTION
Extent xxiii,379p
Dimensions 22cm
500 ## - GENERAL NOTE
General note Includes bibliographical references and index
700 ## - ADDED ENTRY--PERSONAL NAME
Personal name Shrivastava, M P
Titles and other words associated with a name ed
700 ## - ADDED ENTRY--PERSONAL NAME
Personal name Singh, S R
Titles and other words associated with a name ed
942 ## - ADDED ENTRY ELEMENTS (KOHA)
Source of classification or shelving scheme Dewey Decimal Classification
Koha item type English Books
Classification part 333.9162160954
Call number suffix RIV
Holdings
Withdrawn status Lost status Source of classification or shelving scheme Damaged status Not for loan Home library Current library Date acquired Cost, normal purchase price Total Checkouts Full call number Barcode Date last seen Copy number Cost, replacement price Price effective from Koha item type
    Dewey Decimal Classification   Not For Loan D.B.Act.Division D.B.Act.Division 26/02/2007 800.00   333.9162160954 RIV EN-67634 21/10/2008 1 800.00 21/10/2008 English Books

© Delhi Public Library
Hit Counter
free hit counter